000 01075nas a2200361 4500
001 BR0301675
003 BR-BrBNA
005 20231205103654.0
007 ta
008 230509b bl.|||p| |||| 00| 00por d
040 _aBR-BrBNA
_bpor
_cBiblioteca Nacional de Agricultura
041 _a(Pt)
072 _aF02; F40
100 1 _aGonçalves, C.A.A.
100 1 _aLima, L.C. de O.
100 1 _aChalfun, N.N.J.
100 1 _aRegina, M.A.
100 1 _aAlvarenga, Â.A.
100 1 _aSouza, M.T. de
245 1 _aFenologia e qualidade do mosto de videiras 'Folha de Figo' sobre diferentes porta-enxertos, em Caldas, Sul de Minas Gerais
650 _aUVA
650 _aPORTA ENXERTO
650 _aFENOLOGIA
650 _aMOSTO
650 _aBROTAÇÃO
650 _aFLORAÇÃO
650 _aQUALIDADE
650 _aMELHORAMENTO VEGETAL
650 _aMINAS GERAIS
773 0 _tCiência e Agrotecnologia (Brazil)
_xISSN 1413-7054
_g(Nov-Dec 2002), v. 26(6) p. 1178-1184
_wBR0301675
909 _a202311
_bLúcia
_c55
_dLúcia Elande
942 _2AGRIS
_n0
_cANA
999 _c174131
_d174131